000 00500 a2200169 4500
003 OSt
005 20240120090731.0
008 240120b |||||||| |||| 00| 0 eng d
040 _coclc
082 _a297
_bUMA/R
100 _aUmari, Jalaludheen
_910289
245 _aRogavum Arogyavum Islamika Sameepanam /
_cJalaludheen Umari
250 _a2nd ed.
260 _aKozhikode:
_bIslamic Publishing House,
_c2014.
300 _a295p.
942 _2ddc
_cBK
_h297
_iUMA/R
_k297
_mUMA/R
999 _c43270
_d43270